Random Stuff Quiz #2 - Text - Statistics

General Stats
  • This quiz has been taken 23 times
  • The average score is 8 of 15
Answer Stats
Hint Answer % Correct
Which country borders San Marino? Italy
100%
What color is a mix of red and yellow? Orange
100%
What is the capitol of Columbia Bogota
95%
Which country borders the Dominican Republic? Haiti
95%
Which NFL team is from Pittsburgh? Steelers
75%
How many questions are in this quiz including this one? 15
70%
How many bones are in the adult human body? 206
60%
What Chicago Bulls player won 6 NBA championships? Michael Jordan
60%
What is the latest PlayStation as of the last edit of this quiz? Playstation 5
35%
Which Pennsylvania college has the initials 'CMU'? Carnegie Mellon
30%
What does EA stand for? Electronic Arts
25%
What is 50/25+1^2*8? 10
20%
What is the color scheme of the New York Knicks? Orange and Blue
15%
When defining a function in Python, what word comes before the function name? def
10%
Who was dissed in "Mama Said Knock You Out"? Kool Moe Dee
5%
No matching quizzes found
Score Distribution
Percent of People with Each Score
Percentile by Number Answered
Your Score History
You have not taken this quiz